Perspectives on fluency /

Bibliographic Details
Other Authors: Riggenbach, Heidi
Format: Book
Language:English
Published: Ann Arbor : University of Michigan Press, [2000]
Subjects:

MARC

Tag First Indicator Second Indicator Subfields
LEADER 00000pam a2200000 a 4500
001 in00001541998
005 20151022061051.0
008 991216s2000 miu b s001 0 eng
010 |a  99087225  
020 |a 0472110284 (cloth : alk. paper) 
020 |a 0472086049 (paper : alk. paper) 
035 |a (OCoLC)ocm43115101 
040 |a DLC  |c DLC  |d TXA  |d UtOrBLW 
049 |a TXAM 
050 0 0 |a P53.4115  |b .P47 2000 
082 0 0 |a 418/.0071  |2 21 
245 0 0 |a Perspectives on fluency /  |c edited by Heidi Riggenbach. 
264 1 |a Ann Arbor :  |b University of Michigan Press,  |c [2000] 
264 4 |c ©2000 
300 |a xii, 327 pages :  |b illustrations ;  |c 24 cm. 
336 |a text  |b txt  |2 rdacontent 
337 |a unmediated  |b n  |2 rdamedia 
338 |a volume  |b nc  |2 rdacarrier 
504 |a Includes bibliographical references and indexes. 
650 0 |a Language and languages  |x Study and teaching. 
650 0 |a Fluency (Language learning) 
700 1 |a Riggenbach, Heidi. 
948 |a cataloged  |b h  |c 2000/7/5  |d c  |e jspillan  |f 10:20:46 am 
994 |a E0  |b TXA 
999 |a MARS 
999 f f |s 3277803a-54f1-31f9-9070-dbc984d1c387  |i 97121e58-3f85-3b59-94e1-6c692801604c  |t 0 
952 f f |p normal  |a Texas A&M University  |b College Station  |c Sterling C. Evans Library  |d Evans: Library Stacks  |t 0  |e P53.4115 .P47 2000  |h Library of Congress classification  |i unmediated -- volume  |m A14825472805 
998 f f |a P53.4115 .P47 2000  |t 0  |l Evans: Library Stacks